[Event "Delkanda Inter Club-chT"]
[Site "Delkanda"]
[Date "2021.03.01"]
[Round "7.6"]
[White "Gunaratne, Mojitha Sathsara"]
[Black "Kithmal, PM Kalindhu"]
[Result "1-0"]
[WhiteElo "1940"]
[BlackElo "1599"]
[PlyCount "155"]
[EventDate "2021.02.26"]
[EventType "team-tourn"]
[EventRounds "9"]
[EventCountry "SRI"]
[SourceTitle "EXT 2022"]
[Source "ChessBase"]
[SourceDate "2021.10.06"]
[SourceVersion "1"]
[SourceVersionDate "2021.10.06"]
[SourceQuality "1"]
[WhiteTeam "Anandians CC"]
[BlackTeam "Maroons CC"]
[WhiteTeamCountry "SRI"]
[BlackTeamCountry "SRI"]

1. d4 Nf6 2. c4 g6 3. Nc3 Bg7 4. Nf3 d6 5. g3 0-0 6. Bg2 Nc6 7. 0-0 Bg4 8. h3 Bd7 9. Re1 e5 10. Bg5 Qc8 11. Kh2 exd4 12. Nb5 Ne5 13. Nfxd4 a6 14. Na3 h6 15. Be3 Rb8 16. Qd2 Kh7 17. Rac1 Bf5 18. Nxf5 Qxf5 19. Qc2 Qh5 20. Kg1 Ned7 21. b4 Qe5 22. Rcd1 h5 23. Nb1 b6 24. Nd2 Ng8 25. Nf3 Qc3 26. Qa4 b5 27. cxb5 axb5 28. Qa5 Ne5 29. Nxe5 Bxe5 30. Rc1 Qb2 31. Rb1 Qc2 32. Rbc1 Qb2 33. f4 Bc3 34. Rb1 Qc2 35. Rec1 Qxe2 36. Rxc3 Rbe8 37. Bf2 Nf6 38. Rxc7 Ne4 39. Bxe4 Qxe4 40. Rbc1 Qf3 41. Qa7 Kg8 42. R7c3 Qd5 43. Qd4 Qf5 44. Kg2 Re2 45. Qd3 Qe6 46. R3c2 Re4 47. a3 h4 48. gxh4 Rxf4 49. Re2 Qf6 50. Bg3 Rf5 51. Rd2 Qe6 52. Re1 Qc8 53. Qxd6 Qa8+ 54. Kh2 Qxa3 55. Rf2 Rf3 56. Rxf3 Qxf3 57. Qf4 Qd5 58. Qe4 Qh5 59. Qe5 Qf3 60. Qxb5 Qb3 61. h5 Ra8 62. Re8+ Rxe8 63. Qxe8+ Kh7 64. hxg6+ Kxg6 65. Qe4+ f5 66. Qc6+ Kh7 67. Qd7+ Kg6 68. Qe8+ Kh7 69. Qh5+ Kg7 70. Be5+ Kf8 71. Bd6+ Kg7 72. Qg5+ Kf7 73. Qxf5+ Ke8 74. Qf8+ Kd7 75. Qe7+ Kc6 76. Qc7+ Kb5 77. Qb7+ Kc4 78. Qf7+ 1-0

[Event "Delkanda Inter Club-chT"]
[Site "Delkanda"]
[Date "2021.02.26"]
[Round "2.5"]
[White "Alahakoon, TN."]
[Black "Kithmal, PM Kalindhu"]
[Result "1-0"]
[WhiteElo "1712"]
[BlackElo "1599"]
[PlyCount "85"]
[EventDate "2021.02.26"]
[EventType "team-tourn"]
[EventRounds "9"]
[EventCountry "SRI"]
[SourceTitle "EXT 2022"]
[Source "ChessBase"]
[SourceDate "2021.10.06"]
[SourceVersion "1"]
[SourceVersionDate "2021.10.06"]
[SourceQuality "1"]
[WhiteTeam "Grand Prix CC"]
[BlackTeam "Maroons CC"]
[WhiteTeamCountry "SRI"]
[BlackTeamCountry "SRI"]

1. b3 c5 2. Bb2 d5 3. e3 a6 4. f4 Nc6 5. Nf3 f6 6. Be2 Nh6 7. 0-0 Nf7 8. c4 d4 9. exd4 cxd4 10. d3 e5 11. fxe5 fxe5 12. Nbd2 Be7 13. Qe1 0-0 14. a3 Nd6 15. Bc1 Bf5 16. b4 Bf6 17. c5 Nb5 18. Ne4 Nc3 19. Nd6 Bg6 20. Nxb7 Qd5 21. Nd6 Qb3 22. Nd2 Nxe2+ 23. Qxe2 Qc3 24. Qf3 Ne7 25. Rb1 Bg5 26. Qb7 Bxd3 27. Nf3 Bf6 28. Bd2 Qxa3 29. Ra1 Qb2 30. Rfe1 Rae8 31. Nxe8 Rxe8 32. Qd7 Kf8 33. Bg5 Qxb4 34. Bxf6 gxf6 35. c6 Rc8 36. c7 Kf7 37. Nxe5+ fxe5 38. Rxe5 Kf8 39. Rxe7 Qxe7 40. Qxc8+ Kf7 41. Qd8 Qe3+ 42. Kh1 Be4 43. Rf1+ 1-0

[Event "SRI-chB"]
[Site "Maharaga"]
[Date "2020.03.09"]
[Round "7.12"]
[White "Kithmal, PM Kalindhu"]
[Black "Dabarera, GWDM"]
[Result "0-1"]
[WhiteElo "1579"]
[BlackElo "1882"]
[PlyCount "90"]
[EventDate "2020.03.06"]
[EventType "swiss"]
[EventRounds "11"]
[EventCountry "SRI"]
[SourceTitle "CBM 195 Extra"]
[Source "ChessBase"]
[SourceDate "2020.05.31"]
[SourceVersion "1"]
[SourceVersionDate "2020.05.31"]
[SourceQuality "1"]

1. e4 c5 2. Nc3 Nc6 3. g3 g6 4. Bg2 Bg7 5. d3 d6 6. Be3 e6 7. Qd2 Nd4 8. Nd1 Ne7 9. c3 Ndc6 10. Ne2 0-0 11. Bh6 Bxh6 12. Qxh6 Ne5 13. Qd2 f5 14. f4 N5c6 15. 0-0 Rb8 16. Nf2 b5 17. d4 fxe4 18. Nxe4 c4 19. Ng5 Nd5 20. Kh1 h6 21. Nf3 Qf6 22. Nh4 Nce7 23. Ng1 Bb7 24. Rae1 Nf5 25. Ngf3 a5 26. a3 Rbe8 27. Kg1 Qg7 28. Nxf5 gxf5 29. Nh4 Nf6 30. Bxb7 Qxb7 31. Qe2 Kh7 32. Qf3 Qb6 33. Kg2 Rg8 34. d5 exd5 35. Nxf5 Re4 36. Rd1 Rge8 37. Rd2 Qc5 38. Qf2 d4 39. Nxd4 Ng4 40. Qf3 Ne3+ 41. Kg1 Nxf1 42. Kxf1 Re3 43. Qb7+ R8e7 44. Qxb5 Rd3 45. Rf2 Rxd4 0-1

[Event "Kurunegala op 11th"]
[Site "Kurunegala"]
[Date "2019.12.03"]
[Round "8"]
[White "Amarasinghe, AACB"]
[Black "Kithmal, PM Kalindhu"]
[Result "1-0"]
[WhiteElo "1908"]
[BlackElo "1436"]
[PlyCount "103"]
[EventDate "2019.11.30"]
[EventType "swiss"]
[EventRounds "10"]
[EventCountry "SRI"]
[SourceTitle "CBM 193 Extra"]
[Source "ChessBase"]
[SourceDate "2020.01.31"]
[SourceVersion "1"]
[SourceVersionDate "2020.01.31"]
[SourceQuality "1"]

1. c4 Nf6 2. Nc3 g6 3. g3 Bg7 4. Bg2 0-0 5. e4 d6 6. Nge2 e5 7. d3 Be6 8. h3 c6 9. f4 Nbd7 10. 0-0 exf4 11. gxf4 Nb6 12. f5 Bc8 13. Ng3 Qe7 14. Bf4 Bd7 15. c5 dxc5 16. e5 Ne8 17. f6 Nxf6 18. exf6 Qxf6 19. Kh2 Qd4 20. Qf3 Be6 21. Nge4 c4 22. dxc4 Nxc4 23. Rad1 Qb6 24. b3 Ne5 25. Qg3 Nd7 26. Ng5 Bf5 27. Be4 Bxe4 28. Ncxe4 Nc5 29. Nd6 Qa5 30. Ngxf7 Qxa2+ 31. Rd2 Qxb3 32. Rf3 Qe6 33. Ng5 Qf6 34. Nde4 Nxe4 35. Nxe4 Qf5 36. Nd6 Qb1 37. Rb3 Qf1 38. Rf2 Qe1 39. Rxb7 Be5 40. Nf7 Bd4 41. Nh6+ Kh8 42. Ng4 Rfe8 43. Qh4 h5 44. Qg5 Bg7 45. Rxg7 Kxg7 46. Qh6+ Kg8 47. Qxg6+ Kh8 48. Qxh5+ Kg8 49. Nh6+ Kh7 50. Nf5+ Kg8 51. Rg2+ Kf8 52. Bh6# 1-0

[Event "Kurunegala op 11th"]
[Site "Kurunegala"]
[Date "2019.12.03"]
[Round "7"]
[White "Kithmal, PM Kalindhu"]
[Black "Sivathanujan, S."]
[Result "1-0"]
[WhiteElo "1436"]
[BlackElo "1784"]
[PlyCount "139"]
[EventDate "2019.11.30"]
[EventType "swiss"]
[EventRounds "10"]
[EventCountry "SRI"]
[SourceTitle "CBM 193 Extra"]
[Source "ChessBase"]
[SourceDate "2020.01.31"]
[SourceVersion "1"]
[SourceVersionDate "2020.01.31"]
[SourceQuality "1"]

1. e4 c5 2. Nc3 a6 3. g3 g6 4. Bg2 Bg7 5. d3 e6 6. Be3 d6 7. Qd2 Nd7 8. Nge2 b5 9. 0-0 Bb7 10. Nd1 Ne7 11. Bh6 0-0 12. Bxg7 Kxg7 13. f4 d5 14. Nf2 h5 15. Nc3 b4 16. Ncd1 Nf6 17. Qe3 Rc8 18. h3 dxe4 19. Nxe4 Nxe4 20. dxe4 f5 21. exf5 Bxg2 22. Qe5+ Kh7 23. fxg6+ Nxg6 24. Qxh5+ Kg7 25. Kxg2 Rf5 26. Qe2 Qd5+ 27. Kh2 Rh5 28. Qf3 Rch8 29. Qxd5 Rxh3+ 30. Kg2 exd5 31. Nf2 Rh2+ 32. Kf3 Ne7 33. g4 Nc6 34. c3 bxc3 35. bxc3 d4 36. c4 Na5 37. Rac1 Re8 38. Rfe1 Rxe1 39. Rxe1 Nxc4 40. Rc1 Nd2+ 41. Kg3 Rh6 42. Rxc5 Rd6 43. Rc7+ Kg8 44. Nd3 Ne4+ 45. Kf3 Nc3 46. a3 Nb5 47. Rc8+ Kg7 48. a4 Nc3 49. Rc4 a5 50. Rc5 Nxa4 51. Rxa5 Nc3 52. Rc5 Re6 53. Re5 Ra6 54. Re7+ Kf8 55. Rd7 Ra4 56. g5 Ke8 57. Ne5 Nb5 58. g6 Kf8 59. Kg4 Ra6 60. Rd5 Nc7 61. Rxd4 Ne6 62. Rd7 Ra4 63. Rf7+ Kg8 64. Rf6 Nf8 65. Kg5 Ra1 66. Rb6 Re1 67. Kf6 Rf1 68. f5 Re1 69. Rb8 Rd1 70. Nf7 1-0

[Event "Negambo op 4th"]
[Site "Negambo"]
[Date "2018.08.18"]
[Round "5"]
[White "Dabarera, GWDM"]
[Black "Kithmal, PM Kalindhu"]
[Result "1-0"]
[WhiteElo "1829"]
[BlackElo "1327"]
[PlyCount "53"]
[EventDate "2018.08.16"]
[EventType "swiss"]
[EventRounds "10"]
[EventCountry "SRI"]
[SourceTitle "CBM 186 Extra"]
[Source "ChessBase"]
[SourceDate "2018.08.24"]
[SourceVersion "1"]
[SourceVersionDate "2018.08.24"]
[SourceQuality "1"]

1. e4 e5 2. Nc3 Nc6 3. Bc4 Bc5 4. Qg4 g6 5. Qg3 d6 6. Nge2 Be6 7. Bxe6 fxe6 8. Na4 Bb6 9. Nxb6 axb6 10. 0-0 Nf6 11. d3 Qd7 12. Qh4 Qg7 13. Bh6 Qe7 14. f4 Nh5 15. Bg5 Qd7 16. fxe5 Nxe5 17. g4 Ng7 18. Bf6 h6 19. Bxe5 dxe5 20. Qf6 g5 21. Qg6+ Kd8 22. Rf7 Qd6 23. Qxg7 Re8 24. Raf1 Rxa2 25. Rf8 Rxb2 26. Rxe8+ Kxe8 27. Rf7 1-0